RICS Valuation - Global Standards 2017: (Record no. 115889)

MARC details
000 -LEADER
fixed length control field 01793cad a22003135a 4500
001 - CONTROL NUMBER
control field L159426
008 - FIXED-LENGTH DATA ELEMENTS--GENERAL INFORMATION
fixed length control field 170616s2017 xxk f f 001 0 eng d
020 ## - INTERNATIONAL STANDARD BOOK NUMBER
International Standard Book Number 9781783211968
035 ## - SYSTEM CONTROL NUMBER
System control number (Sirsi) u159426
041 0# - LANGUAGE CODE
Language code of text/sound track or separate title eng
110 2# - MAIN ENTRY--CORPORATE NAME
Corporate name or jurisdiction name as entry element Royal Institution of Chartered Surveyors
9 (RLIN) 4900
240 00 - UNIFORM TITLE
Uniform title Red Book
245 00 - TITLE STATEMENT
Title RICS Valuation - Global Standards 2017:
Remainder of title Incorporating the IVSC International Valuation Standards
Statement of responsibility, etc. [old edition]
260 ## - PUBLICATION, DISTRIBUTION, ETC.
Place of publication, distribution, etc. London
Name of publisher, distributor, etc. RICS
Date of publication, distribution, etc. 2017
300 ## - PHYSICAL DESCRIPTION
Extent 117 p.
490 #0 - SERIES STATEMENT
Series statement RICS Professional Statement
490 #0 - SERIES STATEMENT
Series statement RICS Valuation Standards
490 ## - SERIES STATEMENT
Series statement RICS Red Book
505 2# - FORMATTED CONTENTS NOTE
Formatted contents note Preface - Introduction - Glossary - Professional Standards - Valuation technical and performance standards, Valuation applications - International Valuation Standards 2017
520 ## - SUMMARY, ETC.
Summary, etc. Contains mandatory professional standards and advisory guidance for all RICS registered valuers undertaking valuation services worldwide. Incorporates the International Valuation Standards 2017(IVS) issued by the International Valuation Standards Council which are published in full in Part 6. Effective from 1 July 2017 applies to all valuations where the valuation date is on or after that date. Accompanuing paper Basis for conclusion (L159427) explains the rationale behind the changes to the Red Book 2017.
520 ## - SUMMARY, ETC.
Summary, etc. Superseded by 2020 edition ISBN 9781783213832 Issued November 2019, effective from 31 January 2020
650 24 - SUBJECT ADDED ENTRY--TOPICAL TERM
Topical term or geographic name entry element RICS VALUATION STANDARDS
650 24 - SUBJECT ADDED ENTRY--TOPICAL TERM
Topical term or geographic name entry element INTERNATIONAL VALUATION STANDARDS 2017
650 24 - SUBJECT ADDED ENTRY--TOPICAL TERM
Topical term or geographic name entry element RED BOOK
651 #4 - SUBJECT ADDED ENTRY--GEOGRAPHIC NAME
Geographic name International
690 ## - LOCAL SUBJECT ADDED ENTRY--TOPICAL TERM (OCLC, RLIN)
Topical term or geographic name as entry element Valuation
9 (RLIN) 6273
856 40 - ELECTRONIC LOCATION AND ACCESS
Uniform Resource Identifier <a href="http://www.isurv.com/downloads/download/2166/rics_valuation_%E2%80%93_global_standards_2017">http://www.isurv.com/downloads/download/2166/rics_valuation_%E2%80%93_global_standards_2017</a>
Public note Archived on iSurv (subscription required)
942 ## - ADDED ENTRY ELEMENTS (KOHA)
Suppress in OPAC 0
Source of classification or shelving scheme Dewey Decimal Classification
Holdings
Withdrawn status Lost status Source of classification or shelving scheme Damaged status Not for loan Home library Current library Shelving location Date acquired Total Checkouts Full call number Barcode Date last seen Copy number Price effective from Koha item type
    Dewey Decimal Classification     Archives Archives Archive copy 02/08/2017   RICS 2017/05 30078406 06/08/2019 1 06/08/2019 Book
    Dewey Decimal Classification     London London RICS Boxes 27/07/2017   RICS 2017/05 30078403 06/08/2019 1 06/08/2019 Book
    Dewey Decimal Classification     London London RICS Boxes 02/08/2017   RICS 2017/05 30078408 06/08/2019 2 06/08/2019 Book
    Dewey Decimal Classification     Virtual Virtual Online 16/06/2017   iSurv 159426-2001 13/04/2023 1 06/08/2019 Online material